Лучевая терапия злокачественных новообразований головы и шеи (Запись № 13498170)

Подробности
000 -МАРКЕР
контрольное поле 02646nam1a2200337 4500
001 - ИДЕНТИФИКАТОР ЗАПИСИ
контрольное поле RU\NLR\BIBL_A\022666528
005 - ИДЕНТИФИКАТОР ВЕРСИИ
контрольное поле 20260408231352.0
035 ## - ДРУГИЕ СИСТЕМНЫЕ НОМЕРА
Идентификатор записи (NLR Aleph) 022666528
100 ## - ДАННЫЕ ОБЩЕЙ ОБРАБОТКИ
Данные общей обработки 20251214 rusy50
101 0# - ЯЗЫК РЕСУРСА
Язык текста, звукозаписи и т.д. русский
102 ## - СТРАНА ПУБЛИКАЦИИ ИЛИ ПРОИЗВОДСТВА
Страна публикации Российская Федерация
105 ## - ПОЛЕ КОДИРОВАННЫХ ДАННЫХ: ТЕКСТОВЫЕ МАТЕРИАЛЫ, МОНОГРАФИЧЕСКИЕ
Кодированные данные о монографическом текстовом документе j
181 #0 - ПОЛЕ КОДИРОВАННЫХ ДАННЫХ: ВИД СОДЕРЖАНИЯ
Код вида содержания (ISBD) i
Код характеристики содержания (ISBD) axxe
182 #0 - ПОЛЕ КОДИРОВАННЫХ ДАННЫХ: ТИП СРЕДСТВА
Код типа средства (ISBD) n - непосредственное
200 1# - ЗАГЛАВИЕ И СВЕДЕНИЯ ОБ ОТВЕТСТВЕННОСТИ
Основное заглавие Лучевая терапия злокачественных новообразований головы и шеи
Сведения, относящиеся к заглавию учебное пособие
Первые сведения об ответственности Т. М. Шарабура, Т. Н. Бочкарева, А. В. Михайлов
Последующие сведения об ответственности Министерство здравоохранения Российской Федерации, Федеральное государственное бюджетное образовательное учреждение высшего образования "Северо-Западный государственный медицинский университет имени И. И. Мечникова" Министерства здравоохранения Российской Федерации (ФГБОУ ВО СЗГМУ им. И. И. Мечникова Минздрава России), Кафедра лучевой диагностики и лучевой терапии
203 ## - ВИД СОДЕРЖАНИЯ И ТИП СРЕДСТВА
Вид содержания Текст
Дополнительные сведения об издании визуальный
Тип средства непосредственный
210 ## - ПУБЛИКАЦИЯ, РАСПРОСТРАНЕНИЕ И ДР.
Место издания, распространения и т.д. Санкт-Петербург
Имя издателя, распространителя и т. д. Изд-во ФГБОУ ВО СЗГМУ им. И. И. Мечникова Минздрава России
Дата издания, распространения и т.д. 2024-
215 ## - ФИЗИЧЕСКАЯ ХАРАКТЕРИСТИКА
Размеры 20
300 ## - ОБЩИЕ ПРИМЕЧАНИЯ
Текст примечания На обороте тит. с. авт.: канд. мед. наук, доц. Шарабура Т. М., канд. биол. наук, доц. Бочкарева Т. Н., канд. мед. наук Михайлов А. В.
606 ## - НАИМЕНОВАНИЕ ТЕМЫ КАК ПРЕДМЕТ
Наименование темы Шея
Формальный подзаголовок Учебные издания
Тематический подзаголовок Злокачественные опухоли
-- Лучевая терапия
Системный номер авторитетной/нормативной записи 2689724
Идентификатор авторитетной/нормативной записи RU\NLR\AUTH\6601763752
606 ## - НАИМЕНОВАНИЕ ТЕМЫ КАК ПРЕДМЕТ
Наименование темы Голова
Формальный подзаголовок Учебные издания
Тематический подзаголовок Злокачественные опухоли
-- Лучевая терапия
Системный номер авторитетной/нормативной записи 2689725
Идентификатор авторитетной/нормативной записи RU\NLR\AUTH\6601763753
686 1# - ИНДЕКСЫ ДРУГИХ КЛАССИФИКАЦИЙ
Индекс Р569.10-56я77
700 #1 - ИМЯ ЛИЦА - ПЕРВИЧНАЯ ОТВЕТСТВЕННОСТЬ
Начальный элемент ввода Шарабура
Часть имени, кроме начального элемента ввода Т. М.
Дополнения к именам, кроме дат канд. мед. наук
Расширение инициалов личного имени Татьяна Михайловна
Системный номер авторитетной/нормативной записи 2688962
Идентификатор авторитетной/нормативной записи RU\NLR\AUTH\770287432
701 #1 - ИМЯ ЛИЦА - АЛЬТЕРНАТИВНАЯ ОТВЕТСТВЕННОСТЬ
Начальный элемент ввода Бочкарева
Часть имени, кроме начального элемента ввода Т. Н.
701 #1 - ИМЯ ЛИЦА - АЛЬТЕРНАТИВНАЯ ОТВЕТСТВЕННОСТЬ
Начальный элемент ввода Михайлов
Часть имени, кроме начального элемента ввода А. В.
Дополнения к именам, кроме дат канд. мед. наук, радиология
Расширение инициалов личного имени Алексей Валерьевич
Системный номер авторитетной/нормативной записи 2688907
Идентификатор авторитетной/нормативной записи RU\NLR\AUTH\770287420
852 ## - МЕСТОНАХОЖДЕНИЕ И ШИФР ХРАНЕНИЯ
Идентификатор организации NLR
Шифр хранения (Call Number) 2025-4/7544
942 ## - ДОПОЛНИТЕЛЬНЫЕ ЭЛЕМЕНТЫ ЗАПИСИ (АБИС)
Тип экземпляра АБИС Книга
980 ## - КОЛЛЕКЦИЯ
Название коллекции Национальная библиография

Нет доступных экземпляров.